Today's architectural mirror : interiors, buildings, and solar designs /

Bibliographic Details
Main Author: Heyne, Pamela
Format: Book
Language:English
Published: New York : Van Nostrand Reinhold, [1982]
Subjects:

MARC

Tag First Indicator Second Indicator Subfields
LEADER 00000pam a2200000 a 4500
001 in00000090420
005 20151008063705.0
008 810526s1982 nyuaf b 00110 eng
010 |a  81010375  
020 |a 0442234244 
035 |a (OCoLC)07572337 
035 |9 AAK2744AM 
039 0 |a 2  |b 3  |c 3  |d 3  |e 3 
040 |a DLC  |c DLC  |d TXA  |d UtOrBLW 
049 |a TXAM  |c [1361662] 
050 0 0 |a NA2796  |b .H49 
082 0 |a 729  |2 19 
100 1 |a Heyne, Pamela. 
245 1 0 |a Today's architectural mirror :  |b interiors, buildings, and solar designs /  |c Pamela Heyne. 
264 1 |a New York :  |b Van Nostrand Reinhold,  |c [1982] 
264 4 |c ©1982 
300 |a xi, 175 pages, 16 unnumbered pages of plates :  |b illustrations (some color) ;  |c 22 x 29 cm. 
336 |a text  |b txt  |2 rdacontent 
337 |a unmediated  |b n  |2 rdamedia 
338 |a volume  |b nc  |2 rdacarrier 
500 |a Includes index. 
504 |a Bibliography: pages 169-170. 
650 0 |a Mirrors in architecture. 
999 |a MARS 
999 f f |s d3891403-6f64-3acf-b25b-adc6d6752474  |i afa7ef27-ce9d-31f9-82da-e4e52f3247c0  |t 0 
952 f f |p ric  |a Texas A&M University  |b Rellis Campus  |c Joint Library Facility  |d Remote Storage  |t 0  |e NA2796 .H49  |h Library of Congress classification  |i unmediated -- volume  |m A14806168316 
998 f f |a NA2796 .H49  |t 0  |l Remote Storage